Linia 193 Kraków - Statystyki

Ogólne statystyki
  • Ten quiz został rozwiązany 6 razy
  • Średni wynik to 30 z 38
Statystyki odpowiedzi
Odpowiedź % Poprawnych
25 Aleja Róż
100%
14 Os. Piastów
100%
19 Dunikowskiego
100%
1 Górka Narodowa
100%
18 Kleeberga
100%
38 Lesisko
100%
15 Piasta Kołodzieja
100%
16 Popielidów
100%
7 Prądnik Czerwony
100%
20 Rondo Hipokratesa
100%
23 Teatr Ludowy
100%
22 Arka
83%
8 Cmentarz Prądnik Czerwony
83%
30 Klasztorna
83%
17 Kruszwicka
83%
21 Os. Jagiellońskie
83%
32 Os. Na Skarpie
83%
12 Piastów SKA
83%
5 Powstańców
83%
6 Powstańców Garaże
83%
11 Powstańców Magazyny
83%
26 Struga
83%
33 Szpital Żeromskiego
83%
24 Żeromskiego
83%
9 Cmentarz Prądnik Czerwony Wschód
67%
3 Banacha
67%
4 Ks. Meiera
67%
10 Dziekanowicka
67%
35 Klasztor Cystersów
67%
37 Lasek Mogilski
67%
2 Papierni Prądnickich
67%
13 Urząd Skarbowy Nowa Huta
67%
27 Zalew Nowohucki
67%
31 Os. Wandy
50%
28 Os. Willowe
50%
29 Bulwarowa Ogródki Działkowe
33%
34 Sieroszewskiego
33%
36 Stare Wiślisko
33%
Nie znaleziono quizów pasujących do podanych kryteriów
Rozkład punktacji
Procent ludzi z każdym wynikiem
Percentyl według liczby udzielonych odpowiedzi
Twoja historia wyników
Nie rozwiązałeś tego quizu